[Event "New Delhi Matrix op 3rd"]
[Site "New Delhi"]
[Date "2024.04.07"]
[Round "4"]
[White "Shreyash, Singh"]
[Black "Aarit, Kapil"]
[Result "1-0"]
[WhiteElo "1853"]
[BlackElo "1741"]
[PlyCount "237"]
[EventDate "2024.04.06"]
[EventType "swiss"]
[EventRounds "9"]
[EventCountry "IND"]
[SourceTitle "CB16_2024"]
[SourceDate "2024.04.17"]
[SourceVersion "1"]
[SourceVersionDate "2024.04.17"]
[SourceQuality "1"]

1. d4 d5 2. c4 dxc4 3. Nf3 e6 4. e3 c5 5. Bxc4 cxd4 6. exd4 Nf6 7. Nc3 Be7 8. 0-0 0-0 9. Re1 Nc6 10. Bg5 h6 11. Bh4 Nd5 12. Bxd5 Bxh4 13. Bxc6 bxc6 14. Rc1 Be7 15. Ne4 Bb7 16. Qc2 Rc8 17. Nc5 Ba8 18. Re4 Qd5 19. b3 Rfd8 20. h3 Bxc5 21. dxc5 Qd3 22. Qxd3 Rxd3 23. Ra4 Rc7 24. Kf1 Kf8 25. Ke2 Rd5 26. Rc2 Ke7 27. b4 Rcd7 28. Nd2 Re5+ 29. Kf1 Kd8 30. f3 Kc8 31. Nc4 Red5 32. Nd6+ Kb8 33. Ra3 Bb7 34. Rac3 Ba6+ 35. Kf2 Bb5 36. Ra3 Rd4 37. Rb2 e5 38. Ke3 g6 39. g4 h5 40. gxh5 gxh5 41. Rg2 a6 42. Rb3 Bf1 43. Rg5 Bxh3 44. Rxh5 Be6 45. Ra3 Ka7 46. b5 R4xd6 47. Rxa6+ Kb7 48. cxd6 cxb5 49. Ra3 Rxd6 50. Rxe5 Kb6 51. Ra8 Bc4 52. a4 bxa4 53. Rxa4 Be6 54. f4 Rd1 55. Rd4 Re1+ 56. Kf2 Rxe5 57. fxe5 Kc5 58. Ke3 Ba2 59. Rd2 Be6 60. Kf4 Kc4 61. Kg5 Kc3 62. Rd6 Kc4 63. Kf6 Bd5 64. Ra6 Kd4 65. Ra4+ Kc5 66. Ke7 Be6 67. Ra5+ Kd4 68. Kd6 Ke4 69. Ra1 Bb3 70. Re1+ Kf5 71. Kc5 f6 72. exf6 Kxf6 73. Kd6 Kg7 74. Ke7 Bg8 75. Rg1+ Kh8 76. Kf8 Bh7 77. Kf7 Be4 78. Re1 Bd5+ 79. Kg6 Bb3 80. Re3 Bc2+ 81. Kf7 Bb1 82. Rh3+ Bh7 83. Kf6 Kg8 84. Rg3+ Kh8 85. Rg7 Bg8 86. Ra7 Bh7 87. Kg5 Bg8 88. Kg6 Bd5 89. Ra5 Be4+ 90. Kf7 Bb1 91. Ra8+ Kh7 92. Ra1 Be4 93. Re1 Bd5+ 94. Kf6 Kh8 95. Kg6 Bc4 96. Rc1 Bd3+ 97. Kh6 Bh7 98. Rh1 Be4 99. Rh4 Bh7 100. Kg5 Kg7 101. Rb4 Kh8 102. Kf6 Bg8 103. Rh4+ Bh7 104. Rh2 Kg8 105. Kg5 Kh8 106. Kh6 Be4 107. Re2 Bh7 108. Re7 Bg8 109. Kg6 Bc4 110. Re1 Bd3+ 111. Kf6 Bh7 112. Rh1 Kg8 113. Kg5 Kh8 114. Kh6 Bg8 115. Kg6+ Bh7+ 116. Rxh7+ Kg8 117. Ra7 Kf8 118. Rb7 Kg8 119. Rb8# 1-0